Гео Милев - неудържимата пламенност (Запис номер 97336)
[ съкратено ]
| 000 -Лидер | |
|---|---|
| Контролно поле с фиксирана дължина | 01915nam a2200409 c 4500 |
| 003 - Код на организацията, давaща контролен номер | |
| Контролно поле | BLK |
| 005 - Дата и час на последна редакция | |
| Контролно поле | 20230401030428.0 |
| 008 - Елементи от данни с фиксирана дължина | |
| fixed length control field | 180409b bul|||||r ||||||| ||bul|| |
| 010 ## - Наследен системен номер | |
| LC control number | KNG00102247000 |
| 020 ## - Международен стандартен номер на книга ISBN | |
| Международен стандартен номер на книга ISBN | 954-739-186-0 |
| -- | издат.: Захарий Стоянов |
| 040 ## - Източник на каталожния запис | |
| Идентификатор на билиотеката - собственик на записа | BLK |
| 041 ## - Код за език | |
| Код за езика на текст/звукозапис или на отделно заглавие | Български |
| Код за езика КДБФ | Български |
| 080 ## - УДК | |
| Текстов определител УДК | Българска литература |
| УДК код - определител по УДК | 821.163.2 |
| УДК определител | (092)(063) |
| УДК - код + определител | 821.163.2(092)(063) |
| 080 ## - УДК | |
| Текстов определител УДК | Българска литература |
| УДК код - определител по УДК | 821.163.2 |
| УДК определител | .09 |
| УДК - код + определител | 821.163.2.09 |
| 080 ## - УДК | |
| Текстов определител УДК | Георги Милев Касабов. Български поет и публицист, експресионист |
| УДК код - определител по УДК | 929 Милев, Гео |
| УДК определител | |
| УДК - код + определител | 929 Милев, Гео |
| 139 ## - Редно поле | |
| Редна дума | Гео Милев - неудържимата пламенност |
| Авторски знак | Миле - М 57 |
| 245 10 - Сведения за заглавието | |
| Заглавие | Гео Милев - неудържимата пламенност |
| Подзаглавни данни | Нови изследвания |
| Редно поле (дума) | състав. и ред. Георги Георгиев Янев. |
| 257 ## - Страна на издаване | |
| Страна на създаване/издаване | България |
| 260 ## - Област на издателските данни | |
| -- | София |
| Име на издателя, разпространителя и проч. | Захарий Стоянов |
| Година на издаване | 2001 |
| 300 ## - Физическа характеристика | |
| Страници | 140 с. |
| Илюстрации и др. | с табл., факс. |
| Размери/Мащаб | 20 см |
| 380 ## - Жанр | |
| Жанр | Литературознание |
| 490 1# - СЕРИИ (Колекции) | |
| Име на серия | Поредица Критика |
| 500 ## - Общи забележки | |
| Забележка | Материали от Междунар. научна конф. Ст. Загора. 1999 |
| 650 #4 - Допълнително описание по предмет – тема | |
| Основно описание – тема или топоним | Поети, български |
| 9 (RLIN) | 241945 |
| 650 #4 - Допълнително описание по предмет – тема | |
| Основно описание – тема или топоним | Литературни историци и критици, български |
| 9 (RLIN) | 242486 |
| 650 #4 - Допълнително описание по предмет – тема | |
| Основно описание – тема или топоним | Българска литература, 1878-1944 г. - теми, образи, сюжети |
| 9 (RLIN) | 261900 |
| 653 ## - Ключова дума – ненормативна | |
| Ключова дума | Гео Милев |
| 653 ## - Ключова дума – ненормативна | |
| Ключова дума | изследвания |
| 653 ## - Ключова дума – ненормативна | |
| Ключова дума | български поети |
| 700 1# - Други автори (авторска отговорност) | |
| Лично име | Янев, Георги Георгиев |
| Автороска отговорност (Описва отношението между автора и произведението) | състав. и ред. |
| 9 (RLIN) | 368576 |
| 852 ## - Местоположение | |
| Форматна сигнатура | Цб 212227 |
| 856 4# - Електронен адрес и достъп | |
| Електронен формат | pdf - файл |
| Път до файла /url/ | |
| 856 4# - Електронен адрес и достъп | |
| Електронен формат | pdf - файл |
| Път до файла /url/ | |
| 942 ## - АРТИКУЛИ | |
| Вид на библиотечния материал | Книги |
| Скрит в OPAC | Не |
| Koha issues (borrowed), all copies | 4 |
| 944 ## - СЪЗДАВАНЕ И РЕДАКЦИЯ на ЗАПИСА | |
| Създаване/Редакция | Създаване |
| Дата на регистрацията/редакция | 01.01.2001 |
| Служител, извършил регистрацията/редакцията | Геновева_Генчева |
| 944 ## - СЪЗДАВАНЕ И РЕДАКЦИЯ на ЗАПИСА | |
| Създаване/Редакция | Редакция |
| Дата на регистрацията/редакция | 25.02.2005 |
| Служител, извършил регистрацията/редакцията | |
| 999 ## - СИСТЕМНИ КОНТРОЛНИ НОМЕРА | |
| Koha biblionumber | 97336 |
| Koha biblioitemnumber | 97336 |
| Код за отписване | Код за изгубен артикул | Код за повреда | Коз за рестрикции | Код за отдаване | Артикулен № | Име на библиотеката - собственик | Име на библиотеката, в която се намира в момента | Статус (Текущо местоположение) | Дата на вписване в системата | Местоположение - отдел | Цена в лева | Инвентарен номер | Систематично азбучна сигнатура | Баркод | Номер на екземпляра | Цена в евро | Служебна бележка | Служебен тип на артикула | Източник на класификационната схема |
|---|---|---|---|---|---|---|---|---|---|---|---|---|---|---|---|---|---|---|---|
| Не е изгубен | Не е повреден | без рестрикции | ползва се в читалня | 156093 | Регионална библиотека "Любен Каравелов" Русе | Регионална библиотека "Любен Каравелов" Русе | Хранилище | 2002-08-21 | Хранилище | 0.01 | 120000671526 | Цб 212227 | 120000671526 | 1 | 0.01 | Дост: Dp Вид: Д N: 4 Дата: 15.02.2002 | Книги | ||
| Не е изгубен | Не е повреден | без рестрикции | заемане за дома | 156094 | Регионална библиотека "Любен Каравелов" Русе | Регионална библиотека "Любен Каравелов" Русе | Заемна - подръчен фонд | 2003-05-27 | Заемна - подръчен фонд | 5.00 | 120000676443 | П 821.163.2.09(092)/М 57 | 120000676443 | 2 | 2.56 | Дост: Pk Вид: Ф N: 3 Дата: 27.05.2003 | Книги | Universal Decimal Classification |